Návrh a výroba prípravkov aditívnou technológiou

Gespeichert in:
Bibliographische Detailangaben
1. Verfasser: Kubán, Marek (Verfasst von)
Weitere Verfasser: Macháč, Tomáš (Betreuung Doktorarbeit)
Format: Manuskript Buch
Sprache:Slowakisch
Veröffentlicht: 2022
Schlagworte:
Online-Zugang:http://is.stuba.sk/zp/portal_zp.pl?podrobnosti=155501
Tags: Tag hinzufügen
Keine Tags, Fügen Sie das erste Tag hinzu!

MARC

LEADER 00000ntm a22000003a 4500
001 stuzp89223
003 SK-STU
005 20220702211614.1
007 ta
008 150427s2015----xo-----f-mn---000-0-slo-d
040 |a STU  |b slo 
041 0 |a slo 
100 1 |a Kubán, Marek  |u 063000  |4 aut  |U MTF Materiálovotechnologická fakulta  |T MTF Ústav výrobných technológií  |X 103431  |U M3000  |Y 83  |7 103431 
242 0 1 |a Design and manufacture of products by additive technology  |y eng 
245 1 0 |a Návrh a výroba prípravkov aditívnou technológiou 
260 |c 2022 
650 4 |a 3D tlačiareň  |2 slo 
650 4 |a návrh  |2 slo 
650 4 |a Fusion 360  |2 slo 
650 4 |a aditívne technológie  |2 slo 
650 4 |a prípravky  |2 slo 
650 4 |a PrusaSlicer  |2 slo 
650 4 |a design  |2 eng 
650 4 |a jigs  |2 eng 
650 4 |a Fusion 360  |2 eng 
650 4 |a PrusaSlicer  |2 eng 
650 4 |a Additive technologies  |2 eng 
650 4 |a 3D printer  |2 eng 
700 1 |a Macháč, Tomáš  |u 063000  |k Z3  |4 ths  |U MTF Materiálovotechnologická fakulta  |T MTF Ústav výrobných technológií  |X 80465  |U M3000  |Y 83  |7 80465 
856 4 |u http://is.stuba.sk/zp/portal_zp.pl?podrobnosti=155501 
996 |c M* BP-9399  |l MMSKP  |s P  |a 0  |w stuzp89223_0001